Pflanzen mit I und J - Statistiken

Allgemein
  • Dieses Quiz wurde 48 mal gespielt
  • Das Durchschnittsergebnis liegt bei 6 aus 13
Antwortstatistiken
Hinweis Antwort % Korrekt
Schwertlilie Iris
90%
blaue Farbe Indigo
76%
Tee, Parfüm, Vorname Jasmin
76%
Beutel Jute
68%
Shot Ingwer
66%
rot oder schwarz Johannisbeere
63%
Heilpflanze des Jahres 1995 und 2019, Antidepressivum Johanniskraut
39%
Baum oder Strauch, an dem sich ein biblischer Verräter erhängt haben soll Judasbaum
34%
der Name bezieht sich auf die Blätter, denn die Blüten sind violett Immergrün
27%
Flechte des Jahres 2007, nach einer Insel benannt Islandmoos
15%
aus Arabien stammender Baum mit Hülsenfrüchten Johannisbrotbaum
15%
fleischige Früchte wachsen direkt am Stamm Jackfruchtbaum
12%
Sakura Japanische Blütenkirsche
7%
Keine übereinstimmenden Quizze gefunden
Verteilung der Resultate
Anzahl Personen mit jedem Resultat
Perzentil nach korrekt beantworteten Fragen
Ihre Resultats-Entwicklung
Sie haben dieses Quiz noch nicht gespielt